| 000 | 00501nam a2200133Ia 4500 | ||
|---|---|---|---|
| 008 | 170221s9999 xx 000 0 und d | ||
| 100 | _aChaney, Paul. | ||
| 245 | 2 | _aA primer on marketing automation for instructors of college-level marketing courses | |
| 245 | _cPaul Chaney, Web Marketing Today; James Pettijohn, Missouri State University. | ||
| 260 | _bJournal of Management and Marketing Research | ||
| 260 | _c2015 | ||
| 650 | _xBusiness | ||
| 856 | _uhttp://www.aabri.com/manuscripts/162379.pdf | ||
| 999 |
_c309280 _d309280 |
||